000 01362nam a22002057a 4500
999 _c59498
_d59498
003 Ge_BSU
005 20230301121329.0
008 230301s2001 ge ||||| |||| 00| 0 geo d
041 _ageo
080 _a34(3-11) ფ-97
100 _aფუტკარაია, ჯამბულ
_916611
245 _aძველი აღმოსავლეთის სახელმწიფოებისა და სამართლის ისტორია :
_b(ახლო აღმოსავლეთის მონათმფლობელური ქვეყნები)
_cჯამბულ ფუტკარაია ; რედაქტორი: დ.ჯგერენაია ; თბილისის ბიზნესის სახელმწიფო ინსტიტუტი.
264 _aთბილისი :
_bმარჯი,
_c2001.
300 _a69 გვ.;
_b21 სმ.
653 _aძველი აღმოსავლეთის ისტორია
653 _aძველი აღმოსავლეთის სამართლის ისტორია
700 _a ჯგერენაია, დ.
_eრედაქტორი
_917088
710 _aთბილისის ბიზნესის სახელმწიფო ინსტიტუტი
_917089
942 _2udc
_cBK